LIBRARY ONLINE CATALOGUE

Elements of Mind (Record no. 18584)

MARC details
000 -LEADER
fixed length control field 00413nam a22001457a 4500
008 - FIXED-LENGTH DATA ELEMENTS--GENERAL INFORMATION
fixed length control field 201109b xxu||||| |||| 00| 0 eng d
020 ## - INTERNATIONAL STANDARD BOOK NUMBER
International Standard Book Number 0192892973
050 ## - LIBRARY OF CONGRESS CALL NUMBER
Classification number BD418.2
Item number .C73 2001 c.1
100 ## - MAIN ENTRY--PERSONAL NAME
Personal name Crane, Tim
245 ## - TITLE STATEMENT
Title Elements of Mind
Remainder of title an introduction to the philosophy of mind
Statement of responsibility, etc. Tim Crane
260 ## - PUBLICATION, DISTRIBUTION, ETC. (IMPRINT)
Place of publication, distribution, etc. New York
Name of publisher, distributor, etc. OUP
Date of publication, distribution, etc. 2001
300 ## - PHYSICAL DESCRIPTION
Extent xvii, 181p.
650 ## - SUBJECT ADDED ENTRY--TOPICAL TERM
Topical term or geographic name as entry element Philosophy of mind
942 ## - ADDED ENTRY ELEMENTS (KOHA)
Source of classification or shelving scheme Library of Congress Classification
Koha item type General Collection
Holdings
Withdrawn status Lost status Source of classification or shelving scheme Not for loan Home library Current library Date acquired Cost, normal purchase price Total Checkouts Full call number Barcode Checked out Date last seen Date last checked out Price effective from Koha item type
    Library of Congress Classification   Kabarak, Main Campus Kabarak, Main Campus 09/11/2020 4088.00 4 BD418.2 .C73 2001 c.1 028528 25/10/2022 07/10/2022 07/10/2022 09/11/2020 General Collection
    Library of Congress Classification   Kabarak, Main Campus Kabarak, Main Campus 09/11/2020 4088.00 3 BD418.2 .C73 2001 c.2 028529   13/10/2025 24/09/2025 09/11/2020 General Collection
    Library of Congress Classification   Kabarak, Main Campus Kabarak, Main Campus 09/11/2020 4088.00   BD418.2 .C73 2001 c.3 028530   02/08/2024   09/11/2020 General Collection